书目信息 |
| 题名: |
应用光学
|
|
| 作者: | 赵存华 , 丁超亮 编著 | |
| 分册: | ||
| 出版信息: | 北京 电子工业出版社 2017.4 |
|
| 页数: | 237页 | |
| 开本: | 26cm | |
| 丛书名: | ||
| 单 册: | ||
| 中图分类: | O439 | |
| 科图分类: | ||
| 主题词: | 应用光学--高等教育--教材 | |
| 电子资源: | ||
| ISBN: | 978-7-121-30958-8 | |
| 000 | 01076nam0 2200253 450 | |
| 001 | 0400003879 | |
| 005 | 20171022172900.0 | |
| 010 | @a978-7-121-30958-8@dCNY45.00 | |
| 100 | @a20170802e2017 em y0chiy50 ea | |
| 101 | 0 | @achi |
| 102 | @aCN@b110000 | |
| 105 | @aa z 000yy | |
| 106 | @ar | |
| 200 | 1 | @a应用光学@9ying yong guang xue@f赵存华,丁超亮编著 |
| 210 | @a北京@c电子工业出版社@d2017.4 | |
| 215 | @a237页@c图@d26cm | |
| 300 | @a普通高等教育“十三五”规划教材 光电信息科学与工程类专业规划教材 | |
| 330 | @a本书以“讲座式”形式编排应用光学课程内容,每一章为一个讲座,2学时授课,全书共设计31个讲座。本书包含了应用光学的基本知识和基本理论,如理想成像理论、目视光学仪器原理、平面镜棱镜系统、光阑、光度学基础、像差理论概述和常见光学仪器等。同时,增加了部分实用性较强、与新技术和新理论有密切关系的知识,如矩阵光学、梯度折射率光学和ZEMAX软件概述等。 | |
| 606 | 0 | @a应用光学@x高等教育@j教材 |
| 690 | @aO439@v5 | |
| 701 | 0 | @a赵存华@9zhao cun hua@4编著 |
| 701 | 0 | @a丁超亮@9ding chao liang@4编著 |
| 801 | 0 | @aCN@b91MARC@c20171022 |
| 905 | @b1027231-5@dO439@f5@e64 | |
| 应用光学/赵存华,丁超亮编著.-北京:电子工业出版社,2017.4 |
| 237页:图;26cm |
| 普通高等教育“十三五”规划教材 光电信息科学与工程类专业规划教材 |
| ISBN 978-7-121-30958-8:CNY45.00 |
| 本书以“讲座式”形式编排应用光学课程内容,每一章为一个讲座,2学时授课,全书共设计31个讲座。本书包含了应用光学的基本知识和基本理论,如理想成像理论、目视光学仪器原理、平面镜棱镜系统、光阑、光度学基础、像差理论概述和常见光学仪器等。同时,增加了部分实用性较强、与新技术和新理论有密切关系的知识,如矩阵光学、梯度折射率光学和ZEMAX软件概述等。 |
| ● |
| 相关链接 |
|
|
|
|
正题名:应用光学
索取号:O439/64
 
预约/预借
| 序号 | 登录号 | 条形码 | 馆藏地/架位号 | 状态 | 备注 |
| 1 | 1027231 | 210272319 | 第二样本阅览室/ [索取号:O439/64] | 在馆 | |
| 2 | 1027232 | 210272328 | 物理系资料室/ [索取号:O439/64] | 在馆 | |
| 3 | 1027233 | 210272337 | 第三借阅区/ [索取号:O439/64] | 在馆 | |
| 4 | 1027234 | 210272346 | 第三借阅区/ [索取号:O439/64] | 在馆 | |
| 5 | 1027235 | 210272355 | 第三借阅区/ [索取号:O439/64] | 在馆 |